| 000 | 00957nam a2200241 a 4500 | ||
|---|---|---|---|
| 001 | 000041669 | ||
| 005 | 20201002035709.0 | ||
| 008 | 131015s2001 sp 001 0 spa d | ||
| 020 | _a8481644730 | ||
| 040 |
_aDO-SdBNP _bspa _cBNPHU |
||
| 090 |
_a190 _bF488s |
||
| 245 | 0 | 0 |
_aLa filosofía del siglo XIX / _cedición José Luis Villacañas Berlanga. |
| 260 |
_aMadrid : _bConsejo Superior de Investigaciones Científicas, _c2001. |
||
| 300 |
_a433 p. ; _c24 cm. |
||
| 490 | 1 | _aEnciclopedia Iberoaméricana de Filosofía | |
| 504 | _aIncluye referencias bibliográficas y notas al pie de las páginas | ||
| 504 | _aIncluye bibliografía al final de los capítulos | ||
| 650 | 4 |
_aFilosofía moderna _ySIGLO XIX _935928 |
|
| 700 | 1 |
_aVillacañas Berlanga, José Luis _968464 |
|
| 710 | 2 |
_aConsejo Superior de Investigaciones Científicas _94786 |
|
| 830 | 0 |
_aEnciclopedia Iberoaméricana de Filosofía _915735 |
|
| 910 | _aValidado. Control de calidad MFF | ||
| 999 |
_c41159 _d41159 |
||